東北本線 全駅クイズ - Statistics

General Stats
  • This quiz has been taken 113 times
  • The average score is 91 of 144
Answer Stats
Hint Answer % Correct
JU1/JK26 東京
92%
仙台
92%
JU2/JK30 上野
90%
JU7/JK47/JA26 大宮
89%
小山
89%
JU4/JK38/JA15 赤羽
87%
宇都宮
87%
JU5/JK43 浦和
86%
JU6/JK46 さいたま新都心
86%
黒磯
86%
郡山
86%
福島
86%
花巻
86%
盛岡
84%
JK27 神田
83%
JK28 秋葉原
83%
JK29 御徒町
83%
JU3 尾久
83%
那須塩原
83%
新白河
83%
白河
83%
白石
83%
一ノ関
83%
JK32 日暮里
79%
JK33 西日暮里
79%
JK39 川口
79%
二本松
79%
支線 利府
79%
小牛田
79%
JK31 鶯谷
78%
JK34 田端
78%
JK42 南浦和
78%
JK44 北浦和
78%
蓮田
78%
白岡
78%
久喜
78%
古河
78%
桑折
78%
北上
78%
JK41
76%
岩沼
76%
名取
76%
南仙台
76%
JK40 西川口
75%
東大宮
75%
自治医大
75%
長町
75%
JK36 王子
73%
土呂
73%
新白岡
73%
栗橋
73%
小金井
73%
雀宮
73%
宝積寺
73%
矢板
73%
伊達
73%
JK45 与野
71%
西那須野
71%
安積永盛
71%
東仙台
71%
岩切
71%
松島
71%
鏡石
70%
須賀川
70%
支線 新利府
70%
塩釜
70%
水沢
70%
JK37 東十条
68%
JA19 戸田
68%
野木
68%
平泉
68%
東鷲宮
67%
大河原
67%
JK35 上中里
65%
JA18 戸田公園
65%
JA24 与野本町
65%
JA25 北与野
65%
石橋
65%
南福島
65%
国府多賀城
65%
花巻空港
65%
間々田
63%
JA17 浮間舟渡
62%
JA21 武蔵浦和
62%
JA23 南与野
62%
氏家
62%
矢吹
62%
本宮
62%
太子堂
62%
JA20 北戸田
60%
岡本
60%
矢幅
60%
JA22 中浦和
59%
東福島
59%
槻木
59%
JA16 北赤羽
57%
紫波中央
56%
黒田原
54%
藤田
54%
仙北町
54%
蒲須坂
52%
館腰
52%
石越
52%
泉崎
51%
陸前山王
51%
日詰
49%
高久
48%
豊原
48%
船岡
48%
岩手飯岡
48%
松川
46%
東白石
46%
片岡
44%
野崎
44%
白坂
44%
金ケ崎
44%
越河
43%
品井沼
43%
花泉
43%
有壁
43%
金谷川
41%
北白川
41%
鹿島台
41%
五百川
40%
貝田
40%
前沢
40%
松山町
37%
瀬峰
37%
村崎野
37%
石鳥谷
37%
安達
35%
愛宕
35%
油島
35%
山ノ目
35%
田尻
33%
新田
33%
陸中折居
33%
久田野
32%
日和田
32%
杉田
30%
六原
30%
古舘
27%
清水原
24%
梅ケ沢
19%
No matching quizzes found
Score Distribution
Percent of People with Each Score
Percentile by Number Answered
Your Score History
You have not taken this quiz